Readings in the sociology of language
Uloženo v:
| Hlavní autor: | |
|---|---|
| Médium: | Kniha |
| Jazyk: | angličtina |
| Vydáno: |
La Haya
Mouton
1968
|
| Témata: | |
| Tagy: |
Přidat tag
Žádné tagy, Buďte první, kdo vytvoří štítek k tomuto záznamu!
|
MARC
| LEADER | 00000nam a2200000 a 4500 | ||
|---|---|---|---|
| 001 | UCK1953 | ||
| 003 | CL-VaPUC | ||
| 008 | 041210e19680000ne |||||||||||||||||eng|d | ||
| 082 | 0 | 4 | |a 306.44 |b FIS |2 21 |
| 100 | 0 | |a Fishman, Joshua A |e author |9 489821 | |
| 245 | 1 | 0 | |a Readings in the sociology of language |
| 300 | |a 3 v | ||
| 942 | |c BK | ||
| 945 | |d 20041210 00:00:00 |a cmena | ||
| 260 | |a La Haya |b Mouton |c 1968 | ||
| 650 | 0 | |a Lingüística |9 265068 | |
| 650 | 0 | |a Sociolingüística |9 263716 | |
| 650 | 0 | |a Psicolingüística |9 283371 | |
| 583 | |a last modification |c 20171127 01:25:00 |k Rodrigo Vera | ||
| 999 | |c 311691 |d 311689 | ||
| 952 | |0 0 |1 0 |4 0 |6 306_440000000000000_FIS_1968 |7 0 |8 A |9 381244 |a FDOPOS |b FDOPOS |d 2019-11-21 |h v.2 |i 4085027 |o 306.44 FIS 1968 |p 4085027 |r 2025-01-22 |w 2019-11-21 |y BK |k MLA | ||
| 952 | |0 0 |1 0 |4 0 |6 306_440000000000000_FIS_1968 |7 0 |8 A |9 381245 |a FDOPOS |b FDOPOS |d 2019-11-21 |h v.3 |i 4085035 |o 306.44 FIS 1968 |p 4085035 |r 2025-01-22 |w 2019-11-21 |y BK |k MLA | ||
| 952 | |0 0 |1 0 |4 0 |6 306_440000000000000_FIS_1968 |7 0 |8 A |9 381246 |a FDOPOS |b FDOPOS |d 2019-11-21 |i 4312686 |o 306.44 FIS 1968 |p 4312686 |r 2025-01-22 |w 2019-11-21 |y BK |k MLA | ||
| 952 | |0 0 |1 0 |4 0 |6 306_440000000000000_FIS_1968 |7 0 |8 A |9 381247 |a FDOPOS |b FDOPOS |d 2019-11-21 |i 4312678 |o 306.44 FIS 1968 |p 4312678 |r 2025-01-22 |w 2019-11-21 |y BK |k MLA | ||